| 000 | 00000cam 2200000zi 4500 |
| 001 | 9.955426 |
| 003 | CaOODSP |
| 005 | 20251209105934 |
| 006 | m o d f |
| 007 | cr cn||||||||| |
| 008 | 250917e20251208oncd obs f000 0 eng d |
| 020 | |a9780660790091 |
| 040 | |aCaOODSP|beng|erda|cCaOODSP |
| 043 | |an-cn--- |
| 086 | 1 |aCS89-657/2025-7E-PDF |
| 100 | 1 |aKalhor, Sadjad, |eauthor. |
| 245 | 10|aPortrait of the South Asian populations in Canada : |bdiversity and socioeconomic outcomes / |cby Sadjad Kalhor, Alejandro Paez Silva and Jane Badets. |
| 264 | 1|a[Ottawa] : |bStatistics Canada = Statistique Canada, |cDecember 8, 2025. |
| 264 | 4|c©2025 |
| 300 | |a1 online resource (47 pages) : |bgraphs. |
| 336 | |atext|btxt|2rdacontent |
| 337 | |acomputer|bc|2rdamedia |
| 338 | |aonline resource|bcr|2rdacarrier |
| 490 | 1 |a[Ethnicity, language and immigration thematic series], |x2371-5006 |
| 500 | |aCaption title. |
| 500 | |aSeries statement supplied from Statistics Canada. |
| 500 | |aIssued also in French under title: Portrait des populations sud-asiatiques au Canada : diversité et résultats socioéconomiques. |
| 504 | |aIncludes bibliographical references (pages 46-47). |
| 520 | |a"The portrait provides a descriptive analysis of the demographic and socioeconomic characteristics of the South Asian populations in Canada, primarily based on data from the 2021 Census of Population. Individuals reporting as South Asian in the 2021 Census reflect different ethnocultural backgrounds and places of birth, including Canada, with distinct demographic characteristics and socioeconomic outcomes"--Introduction, page 4. |
| 650 | 0|aSouth Asians|zCanada|vStatistics. |
| 650 | 0|aSouth Asians|zCanada|xSocial conditions|vStatistics. |
| 650 | 0|aSouth Asians|zCanada|xEconomic conditions|vStatistics. |
| 655 | 7|aStatistics|2lcgft |
| 710 | 2 |aStatistics Canada, |eissuing body. |
| 775 | 08|tPortrait des populations sud-asiatiques au Canada : |w(CaOODSP)9.955427 |
| 830 | #0|aEthnicity, language and immigration thematic series (Statistics Canada)|x2371-5006|w(CaOODSP)9.824152 |
| 856 | 40|qPDF|s1.11 MB|uhttps://publications.gc.ca/collections/collection_2025/statcan/89-657-x/89-657-x2025007-eng.pdf |
| 856 | 4 |qHTML|sN/A|uhttps://www150.statcan.gc.ca/n1/pub/89-657-x/89-657-x2025007-eng.htm |
| 986 | |a89-657-X2025007 |